[Event "EU-ch (Women) 24th"]
[Site "Rhodes"]
[Date "2024.04.25"]
[Round "6"]
[White "Peycheva, Gergana"]
[Black "Polterauer, Chiara"]
[Result "1-0"]
[WhiteElo "2295"]
[BlackElo "2141"]
[PlyCount "79"]
[EventDate "2024.04.19"]
[EventType "swiss"]
[EventRounds "10"]
[EventCountry "GRE"]
[SourceTitle "CB18_2024"]
[SourceDate "2024.05.01"]
[SourceVersion "1"]
[SourceVersionDate "2024.05.01"]
[SourceQuality "2"]

1. e4 e5 2. Nf3 Nc6 3. Nc3 Nf6 4. h3 d5 5. exd5 Nxd5 6. Bb5 Nxc3 7. bxc3 Bd6 8. 0-0 0-0 9. d4 exd4 10. cxd4 Bf5 11. c4 a6 12. Ba4 Na5 13. c5 Be7 14. Re1 Bf6 15. Bf4 b5 16. Bc2 Bxc2 17. Qxc2 Nc6 18. Rad1 Nb4 19. Qb3 Nd5 20. Be5 c6 21. Re4 Re8 22. Rde1 Qd7 23. Bxf6 Rxe4 24. Rxe4 Nxf6 25. Ne5 Qb7 26. Rf4 Rf8 27. Rf5 Rd8 28. Qg3 Kf8 29. Qh4 Ke7 30. Qg5 Qc8 31. Qxg7 Qe6 32. Nxc6+ Qxc6 33. Re5+ Qe6 34. Rxe6+ Kxe6 35. Qg3 Rxd4 36. Qc7 Rd5 37. Qc8+ Ke7 38. c6 Ne8 39. c7 Rd7 40. Qxe8+ 1-0

[Event "Austin AGCA GM"]
[Site "Austin"]
[Date "2024.01.15"]
[Round "8"]
[White "Dragun, Kamil"]
[Black "Peycheva, Gergana"]
[Result "1/2-1/2"]
[WhiteElo "2553"]
[BlackElo "2271"]
[PlyCount "100"]
[EventDate "2024.01.11"]
[EventType "tourn"]
[EventRounds "9"]
[EventCountry "USA"]
[EventCategory "7"]
[SourceTitle "CB04_2024"]
[SourceDate "2023.10.16"]
[SourceVersion "1"]
[SourceVersionDate "2023.10.16"]
[SourceQuality "1"]

1. d4 d5 2. Bf4 Nf6 3. e3 e6 4. Nd2 Bd6 5. Ngf3 0-0 6. Bg3 c5 7. c3 Qc7 8. dxc5 Qxc5 9. Bd3 Nbd7 10. Qe2 e5 11. e4 dxe4 12. Bxe4 Re8 13. 0-0-0 Nf8 14. Bc2 Bg4 15. Ne4 Nxe4 16. Qxe4 Bxf3 17. Qxf3 Qb6 18. Rd5 Re6 19. Rhd1 Bc5 20. Qe2 Rae8 21. f3 Ng6 22. Rd7 R6e7 23. Bb3 Qc6 24. Qd3 Rxd7 25. Qxd7 Qxd7 26. Rxd7 Re7 27. Rd8+ Nf8 28. Kc2 b6 29. Kd3 g5 30. Ke4 Kg7 31. h4 h6 32. h5 Nd7 33. Kf5 Be3 34. Ba4 Nc5 35. Re8 Rxe8 36. Bxe8 Nd3 37. Bb5 Nxb2 38. Bxe5+ Kf8 39. Bd6+ Kg7 40. Be5+ Kf8 41. Ke4 Bc5 42. f4 gxf4 43. Bxf4 Kg7 44. Be5+ f6 45. Bf4 Nd1 46. Bd2 Be3 47. Be1 Bf2 48. Bd2 Be3 49. Be1 Bf2 50. Bd2 Bc5 1/2-1/2

[Event "Wch Blitz (Women)"]
[Site "Samarkand"]
[Date "2023.12.30"]
[Round "17"]
[White "Khamdamova, Afruza"]
[Black "Peycheva, Gergana"]
[Result "0-1"]
[WhiteElo "2327"]
[BlackElo "2271"]
[PlyCount "96"]
[EventDate "2023.12.29"]
[EventType "swiss (blitz)"]
[EventRounds "17"]
[EventCountry "UZB"]
[SourceTitle "CB01_2024"]
[SourceDate "2024.01.03"]
[SourceVersion "1"]
[SourceVersionDate "2024.01.03"]
[SourceQuality "1"]

1. e4 c5 2. Nf3 Nc6 3. d4 cxd4 4. Nxd4 g6 5. Nc3 Bg7 6. Be3 Nf6 7. Bc4 0-0 8. Bb3 Re8 9. h3 e6 10. 0-0 d5 11. exd5 exd5 12. Qf3 Ne5 13. Qe2 a6 14. Rad1 b5 15. a3 Bb7 16. Rfe1 Qc8 17. Qf1 Nc4 18. Bg5 Qc5 19. Bc1 Rxe1 20. Qxe1 Re8 21. Nce2 Qe7 22. Qb4 Qc7 23. Bf4 Qc8 24. a4 Nxb2 25. Rb1 Nc4 26. axb5 axb5 27. Qxb5 Na3 28. Qd3 Nxb1 29. Ba4 Re4 30. Qb3 Ba6 31. Qxb1 Bxe2 32. Be3 Bc4 33. Bc6 Nd7 34. c3 Bxd4 35. Bxd7 Qxd7 36. Bxd4 Qe8 37. Qb6 Re6 38. Qc7 h5 39. Kh2 Bd3 40. Qf4 Qf8 41. g3 Be4 42. h4 Ra6 43. Qc7 Ra1 44. f3 Bxf3 45. g4 Ra2+ 46. Kg3 hxg4 47. Bf6 Rb2 48. Qe5 Qb8 0-1

[Event "Wch Blitz (Women)"]
[Site "Samarkand"]
[Date "2023.12.30"]
[Round "13"]
[White "Peycheva, Gergana"]
[Black "Druzhinina, Olga"]
[Result "1-0"]
[WhiteElo "2271"]
[BlackElo "2245"]
[PlyCount "87"]
[EventDate "2023.12.29"]
[EventType "swiss (blitz)"]
[EventRounds "17"]
[EventCountry "UZB"]
[SourceTitle "CB01_2024"]
[SourceDate "2024.01.03"]
[SourceVersion "1"]
[SourceVersionDate "2024.01.03"]
[SourceQuality "1"]

1. d4 Nf6 2. c4 g6 3. Nc3 d5 4. cxd5 Nxd5 5. Bd2 Bg7 6. e4 Nxc3 7. Bxc3 0-0 8. Nf3 c5 9. d5 Bxc3+ 10. bxc3 Qa5 11. Qd2 b5 12. Be2 Nd7 13. h4 h5 14. e5 Kg7 15. 0-0 Bb7 16. Rfd1 Rad8 17. Qe3 a6 18. Ng5 Nb6 19. d6 exd6 20. exd6 Nd7 21. Bf3 Qb6 22. Bxb7 Qxb7 23. Qf4 Rde8 24. Re1 Qd5 25. Rad1 Rxe1+ 26. Rxe1 Nf6 27. Re7 Ng4 28. g3 Qd1+ 29. Kg2 Qd5+ 30. Qf3 Qxf3+ 31. Kxf3 Kg8 32. d7 f6 33. Ne6 Ne5+ 34. Ke4 Nxd7 35. Rxd7 Re8 36. Kd5 b4 37. cxb4 cxb4 38. Rg7+ Kh8 39. Rxg6 a5 40. Rxf6 a4 41. Rf4 b3 42. Rxa4 bxa2 43. Rxa2 Ra8 44. Ke4 1-0

[Event "Wch Blitz (Women)"]
[Site "Samarkand"]
[Date "2023.12.30"]
[Round "10"]
[White "Peycheva, Gergana"]
[Black "Ushenina, Anna"]
[Result "1/2-1/2"]
[WhiteElo "2271"]
[BlackElo "2415"]
[PlyCount "121"]
[EventDate "2023.12.29"]
[EventType "swiss (blitz)"]
[EventRounds "17"]
[EventCountry "UZB"]
[SourceTitle "CB01_2024"]
[SourceDate "2024.01.03"]
[SourceVersion "1"]
[SourceVersionDate "2024.01.03"]
[SourceQuality "1"]

1. d4 d5 2. c4 dxc4 3. e3 e6 4. Bxc4 Nf6 5. Nf3 c5 6. 0-0 Nc6 7. Re1 a6 8. Nc3 Qc7 9. b3 Bd6 10. Bb2 0-0 11. d5 Ne5 12. dxe6 fxe6 13. Nxe5 Bxe5 14. f4 Bd6 15. Qc2 b5 16. Bd3 c4 17. bxc4 bxc4 18. Be4 Rb8 19. Bf3 Bxf4 20. exf4 Qb6+ 21. Kh1 Qxb2 22. Rac1 Qxc2 23. Rxc2 Rd8 24. Na4 Rd4 25. g3 Nd5 26. Nc5 Nb4 27. Rce2 Nd3 28. Nxd3 cxd3 29. Rd2 Bd7 30. Kg2 Kf7 31. Red1 Bb5 32. Rc1 Rbd8 33. Rc7+ R8d7 34. Rc8 Rc4 35. Rxc4 Bxc4 36. Kf2 Kf6 37. Ke3 e5 38. a3 h6 39. Be4 exf4+ 40. gxf4 a5 41. Bf3 Bb5 42. Be4 a4 43. Bf3 Re7+ 44. Kd4 Kf5 45. Kc5 Ba6 46. Kb6 Re3 47. Bc6 Bc4 48. Bxa4 Kxf4 49. Kc5 Be6 50. Bb5 Bf5 51. a4 Re5+ 52. Kb4 Ke3 53. Rg2 d2 54. Re2+ Kf4 55. Rxd2 g5 56. a5 Re4+ 57. Kc5 Re5+ 58. Kb4 Re4+ 59. Kc5 Re5+ 60. Kb4 Re4+ 61. Kc5 1/2-1/2

[Event "Wch Rapid (Women)"]
[Site "Samarkand"]
[Date "2023.12.28"]
[Round "9"]
[White "Peycheva, Gergana"]
[Black "Tokhirjonova, Gulruhbegim"]
[Result "1-0"]
[WhiteElo "2271"]
[BlackElo "2370"]
[PlyCount "55"]
[EventDate "2023.12.26"]
[EventType "swiss (rapid)"]
[EventRounds "11"]
[EventCountry "UZB"]
[SourceTitle "CB01_2024"]
[SourceDate "2024.01.03"]
[SourceVersion "1"]
[SourceVersionDate "2024.01.03"]
[SourceQuality "1"]

1. d4 d5 2. c4 e6 3. Nc3 Nf6 4. cxd5 exd5 5. Bg5 c6 6. e3 h6 7. Bh4 Be7 8. Qc2 0-0 9. Bd3 Re8 10. Nf3 Nbd7 11. 0-0 Ne4 12. Bxe4 Bxh4 13. Bh7+ Kh8 14. Bd3 Be7 15. Rfe1 Nf6 16. Ne5 Kg8 17. e4 Be6 18. exd5 Nxd5 19. Bh7+ Kf8 20. Ng6+ fxg6 21. Rxe6 Nf4 22. Re3 Bf6 23. Bxg6 Nxg6 24. Qxg6 Qxd4 25. Ne4 Kg8 26. Nxf6+ Qxf6 27. Rxe8+ Rxe8 28. Qxe8+ 1-0

[Event "Wch Rapid (Women)"]
[Site "Samarkand"]
[Date "2023.12.28"]
[Round "11"]
[White "Wagner, Dinara"]
[Black "Peycheva, Gergana"]
[Result "1-0"]
[WhiteElo "2452"]
[BlackElo "2271"]
[PlyCount "103"]
[EventDate "2023.12.26"]
[EventType "swiss (rapid)"]
[EventRounds "11"]
[EventCountry "UZB"]
[SourceTitle "CB01_2024"]
[SourceDate "2024.01.03"]
[SourceVersion "1"]
[SourceVersionDate "2024.01.03"]
[SourceQuality "1"]

1. d4 d5 2. c4 e6 3. Nf3 Nf6 4. g3 Be7 5. Bg2 0-0 6. Qc2 c6 7. 0-0 b6 8. Rd1 Bb7 9. b3 Nbd7 10. Nc3 Rc8 11. e4 dxe4 12. Nxe4 Nxe4 13. Qxe4 Bf6 14. Bf4 Ba8 15. Rac1 c5 16. d5 exd5 17. cxd5 Re8 18. Qa4 g5 19. Nxg5 Bxg5 20. Bxg5 Qxg5 21. Qxd7 a5 22. Qd6 Qg6 23. Qf4 Rcd8 24. Rc4 Rd6 25. h4 Red8 26. Qe5 Qf6 27. Rg4+ Kh8 28. Rg5 Qxe5 29. Rxe5 Kg7 30. g4 h6 31. h5 b5 32. Rc1 Rc8 33. Bf1 Rxd5 34. Rxd5 Bxd5 35. Bxb5 Bf3 36. Bd7 Rd8 37. Bf5 Rd2 38. Rc3 Be2 39. a3 Ra2 40. a4 c4 41. bxc4 Rxa4 42. c5 Bxg4 43. Rg3 Kf6 44. Bxg4 Rc4 45. Bd1 Rxc5 46. Rf3+ Kg5 47. Rd3 f5 48. Kg2 Rc4 49. Rd6 a4 50. Rg6+ Kf4 51. Rxh6 a3 52. Ra6 1-0

[Event "Wch Rapid (Women)"]
[Site "Samarkand"]
[Date "2023.12.27"]
[Round "6"]
[White "Kurbonboeva, Sarvinoz"]
[Black "Peycheva, Gergana"]
[Result "1-0"]
[WhiteElo "2154"]
[BlackElo "2271"]
[PlyCount "107"]
[EventDate "2023.12.26"]
[EventType "swiss (rapid)"]
[EventRounds "11"]
[EventCountry "UZB"]
[SourceTitle "CB01_2024"]
[SourceDate "2024.01.03"]
[SourceVersion "1"]
[SourceVersionDate "2024.01.03"]
[SourceQuality "1"]

1. c4 e5 2. Nc3 Nf6 3. g3 d5 4. cxd5 Nxd5 5. Bg2 Nb6 6. Nf3 Nc6 7. 0-0 Be7 8. d3 0-0 9. a3 Be6 10. b4 f6 11. Bb2 Qd7 12. Re1 Rfe8 13. Rc1 Bf8 14. Ne4 Qf7 15. Nc5 Bxc5 16. Rxc5 Bb3 17. Qd2 Na4 18. Rcc1 Nxb2 19. Qxb2 Bd5 20. e4 Be6 21. d4 exd4 22. Nxd4 Nxd4 23. Qxd4 c6 24. e5 fxe5 25. Rxe5 a6 26. Rce1 Bb3 27. Rxe8+ Rxe8 28. Rxe8+ Qxe8 29. Be4 Be6 30. Kg2 h6 31. h4 Qd7 32. Qxd7 Bxd7 33. Kf3 Kf7 34. Ke3 Ke6 35. Kd4 Kd6 36. Bd3 Bc8 37. a4 b6 38. a5 c5+ 39. bxc5+ bxc5+ 40. Ke4 g5 41. hxg5 hxg5 42. Bc4 g4 43. Kf4 Kc6 44. Ke5 Kb7 45. Kd6 Bf5 46. Kxc5 Bc2 47. Be6 Bd1 48. Kd6 Be2 49. Bd5+ Kc8 50. Kc6 Kd8 51. Kb6 Kd7 52. Bb7 Kd6 53. Bxa6 Bf3 54. Bb7 1-0

[Event "Titled Tuesday intern op 24th Oct Late"]
[Site "Chess.com INT"]
[Date "2023.10.24"]
[Round "3"]
[White "Arman, Deniz"]
[Black "Peycheva, Gergana"]
[Result "1-0"]
[WhiteElo "2287"]
[BlackElo "2287"]
[PlyCount "41"]
[EventDate "2023.10.24"]
[EventType "swiss (blitz)"]
[EventRounds "11"]
[EventCountry "USA"]
[SourceTitle "Mega2024 Update 01"]
[Source "Chessbase"]
[SourceDate "2023.11.12"]
[SourceVersion "1"]
[SourceVersionDate "2023.11.12"]
[SourceQuality "1"]

1. e4 c5 2. d4 cxd4 3. c3 dxc3 4. Nxc3 e6 5. Nf3 a6 6. Bc4 b5 7. Bb3 Bb7 8. 0-0 Nc6 9. Nd5 Na5 10. Bg5 f6 11. Ne5 exd5 12. Qh5+ g6 13. Nxg6 hxg6 14. Qxg6+ Ke7 15. Rfe1 Nxb3 16. exd5+ Kd6 17. Bf4+ Kc5 18. Be3+ Nd4 19. Bxd4+ Kxd4 20. Rac1 Kxd5 21. Qd3# 1-0

[Event "Titled Tuesday intern op 24th Oct Late"]
[Site "Chess.com INT"]
[Date "2023.10.24"]
[Round "1"]
[White "Peycheva, Gergana"]
[Black "Kazakouski, Valery"]
[Result "0-1"]
[WhiteElo "2287"]
[BlackElo "2564"]
[PlyCount "62"]
[EventDate "2023.10.24"]
[EventType "swiss (blitz)"]
[EventRounds "11"]
[EventCountry "USA"]
[SourceTitle "Mega2024 Update 01"]
[Source "Chessbase"]
[SourceDate "2023.11.12"]
[SourceVersion "1"]
[SourceVersionDate "2023.11.12"]
[SourceQuality "1"]

1. d4 Nf6 2. c4 e6 3. Nc3 Bb4 4. Qc2 Nc6 5. Nf3 d6 6. e3 0-0 7. Be2 e5 8. 0-0 Bg4 9. d5 Ne7 10. a3 Bxc3 11. Qxc3 a5 12. b3 Ng6 13. Bb2 Ne4 14. Qc2 f5 15. Ne1 Bxe2 16. Qxe2 Nc5 17. b4 Na4 18. f3 Nxb2 19. Qxb2 Qh4 20. Rc1 axb4 21. axb4 Ra4 22. c5 Qxb4 23. Qc2 Ra5 24. cxd6 Qxd6 25. e4 fxe4 26. fxe4 Qb6+ 27. Rf2 Rxf2 28. Qxf2 Qxf2+ 29. Kxf2 Ra2+ 30. Kf3 Ra3+ 31. Kf2 Nf4 0-1

[Event "Titled Tuesday intern op 15th Aug Late"]
[Site "Chess.com INT"]
[Date "2023.08.15"]
[Round "10"]
[White "Peycheva, Gergana"]
[Black "Caspi, Israel"]
[Result "1-0"]
[WhiteElo "2287"]
[BlackElo "2468"]
[PlyCount "111"]
[EventDate "2023.08.15"]
[EventType "swiss (blitz)"]
[EventRounds "11"]
[EventCountry "USA"]
[SourceTitle "EXT 2024"]
[Source "ChessBase"]
[SourceDate "2023.10.10"]
[SourceVersion "1"]
[SourceVersionDate "2023.10.10"]
[SourceQuality "1"]

1. d4 Nf6 2. c4 e6 3. Nc3 Bb4 4. Qc2 d5 5. cxd5 exd5 6. Nf3 c5 7. Bg5 Nc6 8. e3 h6 9. Bh4 g5 10. Bg3 Ne4 11. Bd3 Bf5 12. 0-0 Bxc3 13. bxc3 c4 14. Bxe4 Bxe4 15. Qb2 Qe7 16. Ne5 f6 17. Nxc6 bxc6 18. f3 Bd3 19. Rfe1 h5 20. h3 h4 21. Bh2 0-0 22. e4 Rfe8 23. e5 f5 24. e6 f4 25. Re5 Rab8 26. Qd2 Qf6 27. Rae1 Re7 28. Kh1 Kg7 29. Rxg5+ Qxg5 30. Bxf4 Qf5 31. Bxb8 Rxe6 32. Rxe6 Qxe6 33. Qg5+ Bg6 34. Qxh4 c5 35. Be5+ Kf7 36. Qh8 cxd4 37. Qg7+ Ke8 38. Bxd4 a6 39. Kh2 Bb1 40. h4 Bxa2 41. h5 Bb1 42. h6 Qf5 43. Bc5 Qf7 44. Qe5+ Kd7 45. Qd6+ Ke8 46. Qb8+ Kd7 47. Qxb1 Qh5+ 48. Kg1 Qxh6 49. Qb7+ Kd8 50. Qe7+ Kc8 51. Qe8+ Kb7 52. Qd7+ Kb8 53. Bd6+ Ka8 54. Qc8+ Ka7 55. Qc7+ Ka8 56. Qb8# 1-0

[Event "Titled Tuesday intern op 15th Aug Late"]
[Site "Chess.com INT"]
[Date "2023.08.15"]
[Round "8"]
[White "Peycheva, Gergana"]
[Black "Rastbod, Ali"]
[Result "0-1"]
[WhiteElo "2287"]
[BlackElo "2256"]
[PlyCount "152"]
[EventDate "2023.08.15"]
[EventType "swiss (blitz)"]
[EventRounds "11"]
[EventCountry "USA"]
[SourceTitle "EXT 2024"]
[Source "ChessBase"]
[SourceDate "2023.10.10"]
[SourceVersion "1"]
[SourceVersionDate "2023.10.10"]
[SourceQuality "1"]

1. d4 g6 2. c4 Bg7 3. e4 e6 4. Nc3 Ne7 5. Nf3 d5 6. e5 0-0 7. h4 c5 8. Bg5 cxd4 9. Qxd4 Nbc6 10. Qc5 h6 11. Bf6 Bxf6 12. exf6 Nf5 13. 0-0-0 Qxf6 14. cxd5 Ne5 15. Ne4 Qg7 16. Be2 Nxf3 17. Bxf3 exd5 18. Qxd5 Be6 19. Qa5 Nd4 20. Kb1 b6 21. Qc3 Rad8 22. Rd3 Nxf3 23. Rxf3 Bf5 24. Re3 Qxc3 25. bxc3 Rd2 26. f3 Rxg2 27. Rd1 Kg7 28. Ka1 Bxe4 29. Rxe4 Rc8 30. Rd3 Rc5 31. Re7 Ra5 32. Rdd7 Rf5 33. Kb1 Rxf3 34. Kc1 Rf1+ 35. Rd1 Rxd1+ 36. Kxd1 Rxa2 37. Kc1 a5 38. Rb7 Rh2 39. Rxb6 Rxh4 40. Ra6 a4 41. Kd2 Rg4 42. Kd3 h5 43. c4 h4 44. Rxa4 h3 45. Ra1 Rh4 46. Rh1 g5 47. Ke3 g4 48. Kf4 Kg6 49. Kg3 Kg5 50. c5 f5 51. c6 f4+ 52. Kf2 Rh7 53. Rc1 Rc7 54. Rc5+ Kh4 55. Rc4 Kg5 56. Rc5+ Kf6 57. Rc4 Ke5 58. Rc5+ Kd4 59. Rc1 Ke4 60. Rc4+ Ke5 61. Rc5+ Kd4 62. Rc1 h2 63. Kg2 g3 64. Rd1+ Ke4 65. Re1+ Kf5 66. Rc1 Kg4 67. Rc4 Kf5 68. Rc5+ Ke4 69. Rc4+ Ke5 70. Rc5+ Kd4 71. Rf5 Ke4 72. Rxf4+ Kxf4 73. Kh1 Rxc6 74. Kg2 Rc2+ 75. Kh1 Rc1+ 76. Kg2 h1Q# 0-1

[Event "Monteolivete op 3rd"]
[Site "Alboraia"]
[Date "2023.07.21"]
[Round "7"]
[White "Peycheva, Gergana"]
[Black "Fantinel, Thibault"]
[Result "0-1"]
[WhiteElo "2294"]
[BlackElo "2418"]
[PlyCount "105"]
[EventDate "2023.07.17"]
[EventType "swiss"]
[EventRounds "9"]
[EventCountry "ESP"]
[SourceTitle "CBM 215 Extra"]
[Source "ChessBase"]
[SourceDate "2023.09.30"]
[SourceVersion "1"]
[SourceVersionDate "2023.09.30"]
[SourceQuality "1"]

1. d4 Nf6 2. c4 g6 3. Nc3 Bg7 4. e4 d6 5. Nf3 0-0 6. Be2 Nbd7 7. 0-0 e5 8. Re1 Re8 9. Bf1 a6 10. a3 exd4 11. Nxd4 c6 12. Nc2 Nc5 13. f3 Nb3 14. Rb1 Nxc1 15. Qxc1 b5 16. Qd2 Be6 17. Red1 Nd7 18. Qxd6 Qb6+ 19. Kh1 bxc4 20. Qd2 Red8 21. Qe3 Qxe3 22. Nxe3 Ne5 23. Na4 Bh6 24. Rxd8+ Rxd8 25. Nd1 Rd2 26. Nc5 Bc8 27. Nc3 Be3 28. N5a4 Nd3 29. h4 Be6 30. Be2 h6 31. Kh2 Rc2 32. Bd1 Rd2 33. Be2 Nf4 34. Re1 Bf2 35. Rd1 Rc2 36. Rd8+ Kg7 37. Bd1 Bxh4 38. Bxc2 Bxd8 39. Nc5 Bc8 40. g3 Ne6 41. Nxe6+ Bxe6 42. f4 Bb6 43. Ba4 Bd7 44. Kg2 Bd4 45. Bd1 h5 46. Be2 Be6 47. f5 gxf5 48. exf5 Bd5+ 49. Kh3 Kf6 50. Bxh5 Kxf5 51. Bg4+ Ke5 52. Be2 Bxc3 53. bxc3 0-1

[Event "Titled Tuesday intern op 11th Jul Late"]
[Site "Chess.com INT"]
[Date "2023.07.11"]
[Round "2"]
[White "Peycheva, Gergana"]
[Black "Alexikov, Alexander"]
[Result "1-0"]
[WhiteElo "2294"]
[BlackElo "2209"]
[PlyCount "65"]
[EventDate "2023.07.11"]
[EventType "swiss (blitz)"]
[EventRounds "11"]
[EventCountry "USA"]
[SourceTitle "EXT 2024"]
[Source "ChessBase"]
[SourceDate "2023.10.10"]
[SourceVersion "1"]
[SourceVersionDate "2023.10.10"]
[SourceQuality "1"]

1. d4 Nf6 2. c4 g6 3. Nc3 Bg7 4. e4 d6 5. Nf3 0-0 6. Be2 e5 7. 0-0 Na6 8. Re1 c6 9. d5 Nc5 10. Bf1 a5 11. h3 Bd7 12. b3 cxd5 13. cxd5 b5 14. Nxb5 Bxb5 15. Bxb5 Nfxe4 16. Bb2 f5 17. Rc1 Qb6 18. Bc6 Ra7 19. Ba3 Bh6 20. Rc2 Na6 21. Qd3 Nb4 22. Bxb4 axb4 23. Rxe4 fxe4 24. Qxe4 Raf7 25. Qh4 Rxf3 26. gxf3 Bg7 27. Kg2 h5 28. Qe7 Qb8 29. Bd7 Kh7 30. Be6 Qd8 31. Rc7 Qxe7 32. Rxe7 Kh6 33. Rb7 1-0

[Event "Titled Tuesday intern op 11th Jul Late"]
[Site "Chess.com INT"]
[Date "2023.07.11"]
[Round "11"]
[White "Peycheva, Gergana"]
[Black "Esmeraldas Huachi, Anderson Yahir"]
[Result "0-1"]
[WhiteElo "2294"]
[BlackElo "2141"]
[PlyCount "126"]
[EventDate "2023.07.11"]
[EventType "swiss (blitz)"]
[EventRounds "11"]
[EventCountry "USA"]
[SourceTitle "EXT 2024"]
[Source "ChessBase"]
[SourceDate "2023.10.10"]
[SourceVersion "1"]
[SourceVersionDate "2023.10.10"]
[SourceQuality "1"]

1. d4 d5 2. c4 dxc4 3. e3 a6 4. Bxc4 Nf6 5. Nf3 e6 6. 0-0 c5 7. b3 Be7 8. Bb2 0-0 9. Re1 b5 10. Bd3 Bb7 11. dxc5 Bxc5 12. Nd4 Nc6 13. Nxc6 Bxc6 14. Qc2 Nd7 15. Bxh7+ Kh8 16. Be4 Bxe4 17. Qxe4 Nf6 18. Qe5 Bd6 19. Qg5 Be7 20. Nc3 Nd5 21. Qh5+ Kg8 22. Nxd5 Qxd5 23. Qxd5 exd5 24. Red1 Rfd8 25. Rd2 Bb4 26. Rd4 Bc5 27. Rd3 Rac8 28. Rad1 Bb6 29. g3 Rc2 30. R1d2 Rdc8 31. Rxd5 Ba5 32. Rxc2 Rxc2 33. Bd4 Rxa2 34. Rg5 g6 35. Rc5 Kf8 36. Bf6 Ke8 37. Re5+ Kd7 38. Re7+ Kd6 39. Rxf7 Ke6 40. Rf8 Bb4 41. Rb8 Kxf6 42. h4 Be1 43. Kg2 Rxf2+ 44. Kh3 Rf3 45. Rb6+ Kg7 46. Rxa6 Rxg3+ 47. Kh2 Rxe3 48. b4 Bxb4 49. Rb6 Re5 50. Kg3 Bc3 51. Kf4 b4 52. Rb7+ Kh6 53. Rb8 Rh5 54. Kg4 Rc5 55. Rb7 Rc4+ 56. Kg3 Re4 57. Kh3 Re1 58. Kg4 Rg1+ 59. Kh3 Rb1 60. Kg4 b3 61. Rb8 b2 62. Rh8+ Bxh8 63. Kf4 Rf1+ 0-1